000 004600000a22001810004500
003 MACL
005 20150929152356.0
008 150929b xxu||||| |||| 00| 0 eng d
040 _aMACL
_cMACL
041 _aEnglish
082 _a891
100 _aDutt, K C
_98126
245 _aThe National Bibliography of Indian Literature
_bFifth Volume
260 _bSahitya Akademi
_c1990
_aDelhi
350 _a100
650 _aLiterature
_912805
942 _cBK
_k891
_2ddc
999 _c4433
_d4433